000 00696nam a2200229 a 4500
001 000032165
003 OSt
005 20240412074255.0
008 110713s1936 dr 000 p spa d
040 _aDO-SdBNP
_bspa
_cBNPHU
082 7 4 _aRD861.4
_bM843p
_222
100 1 _aMoreno Jimenes, Domingo,
_d1894-1986
_919534
245 1 0 _aPoema bucolico-ciudadano /
_cD. Moreno Jimenes.
246 3 4 _aEmbiste de razas
260 _aSantiago, República Dominicana :
_b[s.n.],
_c1936.
300 _a40 p. ;
_c16 cm.
590 _aInventariado, 2018/ YL
650 0 _aPoesía dominicana
_966
650 0 _aLiteratura dominicana.
_967
910 _aValidado. Control de calidad MFF
942 _2ddc
_cLBS1
999 _c31656
_d31656